书目信息 |
| 题名: |
《电子工程制图》习题集
|
|
| 作者: | 郑芙蓉 主编 | |
| 分册: | ||
| 出版信息: | 西安电子科技大学出版社 |
|
| 页数: | 76页 | |
| 开本: | 20cm | |
| 丛书名: | ||
| 单 册: | ||
| 中图分类: | TN02 | |
| 科图分类: | ||
| 主题词: | 通信技术--设计 , 无线电技术--设计 , 通信技术--制图 , 无线电技术--制图 | |
| 电子资源: | ||
| ISBN: | ||
| 000 | 00622nam0 2200205 450 | |
| 001 | 0954150522 | |
| 005 | 20091117091735.87 | |
| 100 | @a20091116d km y0chiy0120 ea | |
| 101 | 0 | @achi |
| 200 | 1 | @a《电子工程制图》习题集@A《dian zi gong cheng zhi tu》xi ti ji@f郑芙蓉主编@Fzheng fu rong zhu bian |
| 210 | @c西安电子科技大学出版社 | |
| 215 | @a76页@d20cm | |
| 606 | 0 | @a通信技术@x设计 |
| 606 | 0 | @a无线电技术@x设计 |
| 606 | 0 | @a通信技术@x制图 |
| 606 | 0 | @a无线电技术@x制图 |
| 690 | @aTN02@v4 | |
| 701 | 0 | @a郑芙蓉@Azheng fu rong@4主编 |
| 801 | 0 | @aCN@b大连网信软件有限公司图书馆·11@c20091117 |
| 905 | @aZUCC@dTN02@eZ434 | |
| 《电子工程制图》习题集/郑芙蓉主编.-西安电子科技大学出版社 |
| 76页;20cm |
| ISBN : |
| ● |
| 相关链接 |
|
|
|
正题名:《电子工程制图》习题集
索取号:TN02/Z434
 
预约/预借
| 序号 | 登录号 | 条形码 | 馆藏地/架位号 | 状态 | 备注 |
| 1 | 469341 | 204693411 | 自科库301/301自科库 24排4列1层/ [索取号:TN02/Z434] | 在馆 | |
| 2 | 469342 | 204693420 | 自科库301/301自科库 24排4列1层/ [索取号:TN02/Z434] | 在馆 | |
| 3 | 469343 | 204693439 | 自科二线404/404自科库 9排6列5层/ [索取号:TN02/Z434] | 在馆 |